Sports Quiz

Random Sports Quiz

Most clutch seasons in Mets history Quiz Stats

 Plays Quiz not verified by Sporcle

Challenge
Share
Tweet
Embed
Score 0/16 Timer 04:00
0 Plays Today
Year Answer % Correct
2006David Wright
94%
2006Carlos Beltran
82.8%
1986Ray Knight
54.7%
1995Todd Hundley
42.3%
2000Todd Zeile
36.7%
1984Wally Backman
32.7%
1983George Foster
25.1%
1977Steve Henderson
24.2%
Year Answer % Correct
1983Hubie Brooks
20.8%
1992Eddie Murray
18.6%
2001Tsuyoshi Shinjo
4.8%
2008Fernando Tatis
4.8%
2011Justin Turner
4.6%
1978Willie Montanez
3.8%
1997Carl Everett
2.8%
1974Ted Martinez
1.4%

You're not logged in!

Compare scores with friends on all Sporcle quizzes.
OR
Log In

You Might Also Like...

Show Comments

Extras

Created Sep 10, 2016ReportNominate
Tags:New York Mets

Top Quizzes Today


Score Distribution

Your Account Isn't Verified!

In order to create a playlist on Sporcle, you need to verify the email address you used during registration. Go to your Sporcle Settings to finish the process.

Report this User

Report this user for behavior that violates our Community Guidelines.

Details: